000 nam a22 7a 4500
999 _c9437
_d9437
008 180130b ||||| |||| 00| 0 eng d
100 _aArya
_95653
245 _aS.P.English Communicative-IX
260 _aNew Delhi
_bAPC
_c2016